Bacterial oxidation of methyl bromide in fumigated agricultural soils /
Spremljeno u:
| Daljnji autori: | , , , |
|---|---|
| Format: | Članak |
| Jezik: | English |
| Teme: | |
| Oznake: |
Dodaj oznaku
Bez oznaka, Budi prvi tko označuje ovaj zapis!
|
| Thư viện lưu trữ: | Thư viện Trường Đại học Đà Lạt |
|---|
| LEADER | 00996nam a2200349 4500 | ||
|---|---|---|---|
| 001 | DLU090096338 | ||
| 005 | ##20091201 | ||
| 040 | # | # | |a DLU |b eng |
| 041 | # | # | |a eng |
| 044 | # | # | |a us |
| 245 | # | # | |a Bacterial oxidation of methyl bromide in fumigated agricultural soils / |c L. G. Miller ... [et al.]. |
| 653 | # | # | |a Bacteria |
| 653 | # | # | |a Biodegradation |
| 653 | # | # | |a Cultivated soil |
| 653 | # | # | |a Fumigant |
| 653 | # | # | |a Fumigation |
| 653 | # | # | |a Insecticide |
| 653 | # | # | |a Oxidation |
| 700 | # | # | |a Connell, T. L. |
| 700 | # | # | |a Guidetti, J. R. |
| 700 | # | # | |a Miller L. G. |
| 700 | # | # | |a Oremland, R. S. |
| 773 | # | # | |t Applied and Environmental Microbiology |g Vol. 63, no. 11 (November 1997), p. 4346-4354 |
| 920 | # | # | |a Phòng Tạp chí -- Trung tâm Thông tin - Thư viện Trường Đại học Đà Lạt |
| 994 | # | # | |a DLU |
| 900 | # | # | |a True |
| 911 | # | # | |a Trương Bảo Trâm Anh |
| 925 | # | # | |a G |
| 926 | # | # | |a A |
| 927 | # | # | |a BB |
| 980 | # | # | |a Thư viện Trường Đại học Đà Lạt |